[Event "?"]
[Site "ICS rated blitz match, 192.23"]
[Date "1997.??.??"]
[Round "?"]
[White "Brause"]
[Black "Kiriakos"]
[Result "1-0"]
[WhiteElo "2620"]
[BlackElo "2110"]
[PlyCount "81"]

1. e4 e5 2. Nf3 Nc6 3. Nc3 Nf6 4. Nxe5 Nxe5 5. d4 Ng6 6. e5 Be7 7. Bc4 O-O 8.
exf6 Bxf6 9. O-O c6 10. d5 d6 11. Bd2 Bf5 12. dxc6 bxc6 13. Qf3 Qd7 14. Bd3
Bxd3 15. Qxd3 d5 16. b4 Ne5 17. Qe2 Nc4 18. a3 Rfe8 19. Qd3 a6 20. Kh1 Re7 21.
h3 Rae8 22. Rfe1 Rxe1+ 23. Rxe1 Rxe1+ 24. Bxe1 h6 25. Na4 Qe6 26. Bc3 Bxc3 27.
Qxc3 Qe2 28. Kg1 Qd1+ 29. Kh2 Qe2 30. Nb2 Nd2 31. Nd3 Nf1+ 32. Kg1 Nd2 33. f3
Qe3+ 34. Kh1 Nc4 35. Kh2 Qe2 36. h4 Qe3 37. Kg3 Qe2 38. a4 Ne3 39. Qxc6 Qxg2+
40. Kf4 Nxc2 41. Qc8+ 1-0

[Event "?"]
[Site "ICS rated blitz match, 192.23"]
[Date "1997.??.??"]
[Round "?"]
[White "Brause"]
[Black "Kiriakos"]
[Result "1-0"]
[WhiteElo "2625"]
[BlackElo "2105"]
[PlyCount "63"]

1. e4 e5 2. Nf3 Nc6 3. Nc3 Nf6 4. Nxe5 Be7 5. d4 O-O 6. Bb5 Re8 7. O-O a6 8.
Bc4 Rf8 9. Bf4 d6 10. Nxc6 bxc6 11. e5 dxe5 12. dxe5 Ng4 13. h3 Nh6 14. Bxh6
Qxd1 15. Raxd1 gxh6 16. Bd3 Be6 17. Be4 Rab8 18. b3 c5 19. f4 f5 20. Bd5 Kf7
21. Bxe6+ Kxe6 22. Nd5 Rb7 23. Rf2 Bd8 24. g4 c6 25. Ne3 fxg4 26. Rd6+ Kf7 27.
hxg4 c4 28. Nxc4 Rg8 29. Rg2 h5 30. gxh5 Rxg2+ 31. Kxg2 c5 32. Rxd8 1-0

[Event "?"]
[Site "ICS rated blitz match, 192.23"]
[Date "1997.??.??"]
[Round "?"]
[White "Brause"]
[Black "Kiriakos"]
[Result "1-0"]
[WhiteElo "2630"]
[BlackElo "2105"]
[PlyCount "101"]

1. e4 e5 2. Nf3 Nc6 3. Nc3 Nf6 4. Nxe5 Nxe5 5. d4 Ng6 6. e5 Be7 7. Bc4 O-O 8.
exf6 Bxf6 9. O-O c6 10. d5 d6 11. Bd2 Bf5 12. dxc6 bxc6 13. Qf3 Qd7 14. Bd3
Bxd3 15. Qxd3 d5 16. Rae1 Rfe8 17. b4 Ne5 18. Qg3 Nc4 19. Bg5 Qf5 20. Bxf6 Qxf6
21. Qd3 Re6 22. Rxe6 Qxe6 23. a4 a6 24. Qd4 h6 25. Rd1 Re8 26. h3 Na3 27. Qd3
Nc4 28. Rb1 Na3 29. Rc1 Nc4 30. Qd4 Qe5 31. Qxe5 Rxe5 32. Kh2 d4 33. Nb1 Re2
34. Kg3 Nd2 35. Nxd2 Rxd2 36. Kf3 Kf8 37. c3 Rd3+ 38. Ke4 Rxc3 39. Rxc3 dxc3
40. Kd3 Ke7 41. Kxc3 Kd6 42. Kd4 h5 43. g3 g5 44. f4 g4 45. hxg4 hxg4 46. f5 f6
47. Kc4 Ke5 48. Kc5 Kxf5 49. Kxc6 Ke4 50. b5 f5 51. bxa6 1-0

[Event "?"]
[Site "ICS rated blitz match, 192.23"]
[Date "1997.??.??"]
[Round "?"]
[White "Brause"]
[Black "Kiriakos"]
[Result "1-0"]
[WhiteElo "2630"]
[BlackElo "2100"]
[PlyCount "69"]

1. e4 e5 2. Nf3 Nc6 3. Nc3 Nf6 4. Nxe5 Nxe5 5. d4 Ng6 6. e5 Be7 7. Bc4 O-O 8.
exf6 Bxf6 9. O-O c6 10. d5 d6 11. Bd2 Bf5 12. dxc6 bxc6 13. Qf3 Qd7 14. Bd3
Bxd3 15. Qxd3 d5 16. Rae1 Rfe8 17. Qf3 Ne5 18. Qf4 Nc4 19. Rxe8+ Rxe8 20. Bc1
Bxc3 21. bxc3 Qd6 22. Qxd6 Nxd6 23. Be3 a6 24. Rb1 Nc4 25. Kf1 f6 26. Ke2 f5
27. Kd3 h6 28. Bd4 Re7 29. f3 Kf7 30. Bc5 Rd7 31. Rb8 Ne5+ 32. Kd4 Nc4 33. Rc8
Na5 34. Ra8 Nb7 35. Rxa6 1-0

[Event "?"]
[Site "ICS rated blitz match, 192.23"]
[Date "1997.??.??"]
[Round "?"]
[White "Brause"]
[Black "fluster"]
[Result "0-1"]
[WhiteElo "2645"]
[BlackElo "2605"]
[PlyCount "90"]

1. e4 e5 2. Nf3 Nc6 3. Nc3 Nf6 4. Nxe5 Nxe5 5. d4 Ng6 6. e5 Ng8 7. Bc4 c6 8.
Qe2 b5 9. Nxb5 cxb5 10. Bxf7+ Kxf7 11. Qf3+ Ke8 12. Qxa8 Qc7 13. O-O Be7 14. a4
b4 15. c4 Bd8 16. Bd2 a5 17. Rfc1 Qb7 18. Qxb7 Bxb7 19. Re1 N8e7 20. e6 d5 21.
b3 Nf5 22. Rad1 Bf6 23. Be3 Ke7 24. f3 Rc8 25. g4 Nxe3 26. Rxe3 Nf4 27. cxd5
Bxd5 28. Kf1 Rc3 29. Rxc3 bxc3 30. Rc1 Bxd4 31. g5 Bxb3 32. g6 hxg6 33. h4 Bxa4
34. h5 gxh5 35. Rb1 c2 36. Rc1 Bb5+ 37. Ke1 Bc3+ 38. Kf2 Nd3+ 39. Kg3 Nxc1 40.
Kh4 Ne2 41. Kxh5 c1=Q 42. f4 Qh1+ 43. Kg5 Qg2+ 44. Kh5 Nxf4+ 45. Kh4 Bf6# 0-1

[Event "?"]
[Site "ICS rated blitz match, 192.23"]
[Date "1997.??.??"]
[Round "?"]
[White "Brause"]
[Black "fluster"]
[Result "0-1"]
[WhiteElo "2645"]
[BlackElo "2620"]
[PlyCount "134"]

1. e4 e5 2. Nf3 Nc6 3. Nc3 Nf6 4. Nxe5 Nxe5 5. d4 Ng6 6. e5 Ng8 7. Bc4 c6 8.
Qe2 b5 9. Nxb5 cxb5 10. Bxf7+ Kxf7 11. Qf3+ Ke8 12. Qxa8 Qc7 13. O-O Qb7 14.
Qxb7 Bxb7 15. a4 b4 16. Bd2 Nh6 17. Bxh6 gxh6 18. f3 h5 19. Rad1 Bh6 20. g3 a5
21. f4 Bc6 22. Ra1 h4 23. Kf2 Ne7 24. c4 Be4 25. Ke3 Bc2 26. g4 Bb3 27. Kd3 Rf8
28. f5 Kf7 29. Rf2 Rc8 30. c5 Nd5 31. Rff1 Ne3 32. Rg1 Bc4+ 33. Ke4 Bg5 34.
Rae1 Bd5+ 35. Kd3 Ng2 36. e6+ dxe6 37. fxe6+ Kg6 38. Rxg2 Bxg2 39. Kc4 Rd8 40.
Kb5 b3 41. e7 Re8 42. c6 Rxe7 43. Rxe7 Bxe7 44. c7 Bb7 45. Kxa5 Ba3 46. Kb6 Bc8
47. Kb5 Bxb2 48. Kb4 Bxd4 49. Kxb3 h3 50. a5 Be5 51. Kc2 Bxh2 52. a6 Bxa6 53.
c8=Q Bxc8 54. g5 Bc7 55. Kc3 h2 56. Kd4 h1=Q 57. Kd3 Qd5+ 58. Kc2 Bf5+ 59. Kb2
Be5+ 60. Kc1 Qc4+ 61. Kd2 Qc3+ 62. Ke2 Bg4+ 63. Kf1 Qd3+ 64. Kg2 Qf3+ 65. Kg1
Bd4+ 66. Kh2 Qf2+ 67. Kh1 Bf3# 0-1

[Event "?"]
[Site "ICS rated blitz match, 192.23"]
[Date "1997.??.??"]
[Round "?"]
[White "Brause"]
[Black "SuperChicken"]
[Result "1-0"]
[WhiteElo "2615"]
[BlackElo "2275"]
[PlyCount "73"]

1. e4 e5 2. Nf3 Nc6 3. Nc3 Nf6 4. Nxe5 Nxe5 5. d4 Nc6 6. d5 Ne5 7. f4 Ng6 8. e5
Ng8 9. d6 cxd6 10. exd6 Qh4+ 11. g3 Qf6 12. Nb5 Kd8 13. Be3 Qxb2 14. Bd4 Qb4+
15. c3 Qb2 16. a3 Nf6 17. c4 Qxa1 18. Qxa1 Ne4 19. Nc7 Rb8 20. Bxa7 Bxd6 21.
Bxb8 Bxc7 22. Bxc7+ Kxc7 23. Qxg7 f5 24. Be2 Nd6 25. O-O Re8 26. c5 Rxe2 27.
cxd6+ Kb8 28. Rc1 Re8 29. Qxh7 Nh8 30. Qxf5 Ka7 31. Qa5+ Kb8 32. Rc5 Re1+ 33.
Kf2 Re2+ 34. Kxe2 b5 35. Rxb5+ Bb7 36. Qc7+ Ka7 37. Qxb7# 1-0

[Event "?"]
[Site "ICS rated blitz match, 192.23"]
[Date "1997.??.??"]
[Round "?"]
[White "Brause"]
[Black "Kiriakos"]
[Result "1-0"]
[WhiteElo "2620"]
[BlackElo "2140"]
[PlyCount "93"]

1. e4 e5 2. Nf3 Nc6 3. Nc3 Nf6 4. Nxe5 Nxe5 5. d4 Ng6 6. e5 Be7 7. Bc4 O-O 8.
exf6 Bxf6 9. O-O c6 10. d5 d6 11. Bd2 Bf5 12. dxc6 bxc6 13. Qf3 Qd7 14. Bd3
Bxd3 15. Qxd3 d5 16. Rae1 Rfe8 17. Qf3 Ne5 18. Qf4 Nc4 19. Rxe8+ Rxe8 20. Bc1
Bxc3 21. bxc3 h6 22. Qg3 Re6 23. Rd1 Qe7 24. Qb8+ Kh7 25. Kf1 Re2 26. Qf4 Re4
27. Qf5+ g6 28. Qc8 Re6 29. Qb8 g5 30. Qg3 f5 31. f4 g4 32. Qd3 Kg6 33. a4 h5
34. h3 Nd6 35. Bd2 Ne4 36. hxg4 Nd6 37. gxh5+ Kxh5 38. c4 dxc4 39. Qf3+ Kg6 40.
Bb4 Qf6 41. Qxc6 Ne4 42. Qxc4 Rc6 43. Qg8+ Qg7 44. Qe8+ Kh7 45. Qxc6 Qg3 46.
Rd7+ Kg8 47. Qc8# 1-0

[Event "?"]
[Site "ICS rated blitz match, 192.23"]
[Date "1997.??.??"]
[Round "?"]
[White "Brause"]
[Black "Kiriakos"]
[Result "1-0"]
[WhiteElo "2625"]
[BlackElo "2135"]
[PlyCount "55"]

1. e4 e5 2. Nf3 Nc6 3. Nc3 Nf6 4. Nxe5 Nxe5 5. d4 Ng6 6. e5 Be7 7. Bc4 O-O 8.
exf6 Bxf6 9. O-O c6 10. d5 d6 11. Bd2 Bf5 12. dxc6 bxc6 13. Qf3 Qd7 14. Bd3
Bxd3 15. Qxd3 d5 16. Rae1 Rfe8 17. Qf3 Ne5 18. Qf4 Nc4 19. Rxe8+ Rxe8 20. Bc1
Be5 21. Qf3 Re6 22. b3 Nd6 23. Ne2 Ne4 24. Be3 Rf6 25. Qh5 Rf5 26. Qh3 Qe6 27.
f4 Bc7 28. Nd4 1-0

[Event "?"]
[Site "ICS rated blitz match, 192.23"]
[Date "1997.??.??"]
[Round "?"]
[White "Brause"]
[Black "Kiriakos"]
[Result "1-0"]
[WhiteElo "2635"]
[BlackElo "2120"]
[PlyCount "57"]

1. e4 e5 2. Nf3 Nc6 3. Nc3 Nf6 4. Nxe5 Nxe5 5. d4 Ng6 6. e5 Be7 7. Bc4 O-O 8.
exf6 Bxf6 9. O-O c6 10. d5 d6 11. Bd2 Bf5 12. dxc6 bxc6 13. Qf3 Qd7 14. Bd3
Bxd3 15. Qxd3 d5 16. Rae1 Rfe8 17. Qf3 Ne5 18. Qf4 Nc4 19. Rxe8+ Rxe8 20. Bc1
Bxc3 21. bxc3 h6 22. Qg3 Re6 23. Rd1 Qe7 24. Qb8+ Kh7 25. Kf1 Qd7 26. Qg3 Qe7
27. Qf3 Qd7 28. Qd3+ Kg8 29. Qxc4 1-0

[Event "?"]
[Site "ICS rated blitz match, 192.23"]
[Date "1997.??.??"]
[Round "?"]
[White "Brause"]
[Black "Kiriakos"]
[Result "1-0"]
[WhiteElo "2640"]
[BlackElo "2115"]
[PlyCount "73"]

1. e4 e5 2. Nf3 Nc6 3. Nc3 Nf6 4. Nxe5 Nxe5 5. d4 Ng6 6. e5 Be7 7. Bc4 O-O 8.
exf6 Bxf6 9. O-O c6 10. d5 d6 11. Bd2 Bf5 12. dxc6 bxc6 13. Qf3 Qd7 14. Bd3
Bxd3 15. Qxd3 d5 16. b4 Rfe8 17. Be3 Ne5 18. Qd1 Nc4 19. Bd4 Bxd4 20. Qxd4 Qb7
21. Rab1 Na3 22. Rbc1 Nb5 23. Nxb5 Qxb5 24. Rfe1 h6 25. Qc3 Qa4 26. f3 Rxe1+
27. Rxe1 a5 28. bxa5 Qxa5 29. Re8+ Kh7 30. Qd3+ g6 31. Rxa8 Qxa8 32. a3 c5 33.
Kf2 Kg8 34. Qc3 Qc6 35. Qe3 h5 36. g3 d4 37. Qb3 1-0

[Event "?"]
[Site "ICS rated blitz match, 192.23"]
[Date "1997.??.??"]
[Round "?"]
[White "Brause"]
[Black "Kiriakos"]
[Result "1-0"]
[WhiteElo "2640"]
[BlackElo "2115"]
[PlyCount "162"]

1. e4 e5 2. Nf3 Nc6 3. Nc3 Nf6 4. Nxe5 Nxe5 5. d4 Ng6 6. e5 Be7 7. Bc4 O-O 8.
exf6 Bxf6 9. O-O c6 10. d5 d6 11. Bd2 Bf5 12. dxc6 bxc6 13. Qf3 Qd7 14. Bd3
Bxd3 15. Qxd3 d5 16. Rae1 Rfe8 17. Qf3 Ne5 18. Qf4 Nc4 19. Rxe8+ Rxe8 20. Bc1
Bxc3 21. bxc3 h6 22. Qg3 Re6 23. Rd1 Qe7 24. Qb8+ Kh7 25. Kf1 Qd7 26. Bf4 Qe7
27. Qb4 Qxb4 28. cxb4 a6 29. Re1 Kg6 30. Rxe6+ fxe6 31. Ke2 Kf5 32. Be3 e5 33.
Bc5 h5 34. h4 g6 35. g3 Kg4 36. Kd3 Kf3 37. Kc3 Ke2 38. Ba7 Kf3 39. a4 Ke2 40.
Kb3 Nd2+ 41. Kb2 Ne4 42. Bb8 Kxf2 43. Bxe5 Nxg3 44. Bd4+ Kf3 45. Bf6 Nf5 46.
Kb3 Ke4 47. Kc3 Ke3 48. Bd8 Ke4 49. Bg5 Nd6 50. Kb3 Nf5 51. Kc3 Nd6 52. Kb2
Nc4+ 53. Kb3 Nd6 54. Be7 Nc4 55. Bf6 Nd6 56. Bd8 Nc4 57. Be7 Ne5 58. Kb2 Nc4+
59. Kc3 Ne5 60. Bg5 Nc4 61. Bd8 Ne5 62. Kd2 Nc4+ 63. Kc1 Ne5 64. Kb2 Nc4+ 65.
Kb3 Ne5 66. c3 Nc4 67. Bg5 Ne5 68. Be7 Nc4 69. Bf6 Kd3 70. Bg5 Nd2+ 71. Bxd2
Kxd2 72. c4 d4 73. Kb2 Ke2 74. b5 cxb5 75. axb5 axb5 76. cxb5 d3 77. b6 d2 78.
b7 d1=Q 79. b8=Q Qd2+ 80. Ka3 Qe3+ 81. Ka2 Qd2+ 1-0

[Event "?"]
[Site "ICS rated blitz match, 192.23"]
[Date "1997.??.??"]
[Round "?"]
[White "Brause"]
[Black "Kiriakos"]
[Result "1-0"]
[WhiteElo "2645"]
[BlackElo "2110"]
[PlyCount "51"]

1. e4 e5 2. Nf3 Nc6 3. Nc3 Nf6 4. Nxe5 Nxe5 5. d4 Ng6 6. e5 Be7 7. Bc4 O-O 8.
exf6 Bxf6 9. O-O c6 10. d5 d6 11. Bd2 Bf5 12. dxc6 bxc6 13. Qf3 Qd7 14. Bb3 d5
15. Rae1 Rfe8 16. h3 a5 17. a3 Be5 18. Re2 Bd6 19. Rfe1 Rxe2 20. Qxe2 Be6 21.
Qf3 h6 22. Na4 Qc7 23. Qd3 Be5 24. Nc5 Bxb2 25. Nxe6 fxe6 26. Qxg6 1-0

[Event "?"]
[Site "ICS rated blitz match, 192.23"]
[Date "1997.??.??"]
[Round "?"]
[White "Brause"]
[Black "Marek-M"]
[Result "1-0"]
[WhiteElo "2655"]
[BlackElo "1985"]
[PlyCount "75"]

1. e4 e5 2. Nf3 Nc6 3. Nc3 Nf6 4. Nxe5 Nxe5 5. d4 Nc6 6. d5 Ne5 7. f4 Ng6 8. e5
d6 9. exf6 Qxf6 10. Bb5+ Bd7 11. Bxd7+ Kxd7 12. Qg4+ Kd8 13. Be3 Be7 14. O-O-O
Re8 15. g3 a6 16. Ne4 Ne5 17. Nxf6 Nxg4 18. Nxg4 h5 19. Nf2 Bf6 20. Rhe1 Kd7
21. c3 Re7 22. Kc2 Rae8 23. Kd3 b6 24. Bd2 c5 25. dxc6+ Kxc6 26. Ne4 d5 27.
Nxf6 gxf6 28. Rxe7 Rxe7 29. Re1 Rd7 30. Re8 b5 31. Rc8+ Kb6 32. Rh8 a5 33. Rxh5
b4 34. cxb4 axb4 35. Bxb4 d4 36. Bc5+ Kc6 37. Bxd4 Rb7 38. Rf5 1-0

[Event "?"]
[Site "ICS rated blitz match, 192.23"]
[Date "1997.??.??"]
[Round "?"]
[White "Brause"]
[Black "zalina"]
[Result "1-0"]
[WhiteElo "2655"]
[BlackElo "1965"]
[PlyCount "23"]

1. e4 e5 2. Nf3 Nc6 3. Nc3 Nf6 4. Nxe5 Nxe5 5. d4 Neg4 6. e5 Qe7 7. Be2 Nxf2 8.
Kxf2 Ng8 9. Nd5 Qh4+ 10. Kg1 Ne7 11. Nxc7+ Kd8 12. g3 1-0

[Event "?"]
[Site "ICS rated blitz match, 192.23"]
[Date "1997.??.??"]
[Round "?"]
[White "Brause"]
[Black "Tyrisha"]
[Result "1-0"]
[WhiteElo "2660"]
[BlackElo "1955"]
[PlyCount "29"]

1. e4 e5 2. Nf3 Nc6 3. Nc3 Nf6 4. Nxe5 Nxe5 5. d4 Ng6 6. e5 Ng8 7. Bc4 Be7 8.
Qf3 f6 9. Qd5 d6 10. Qf7+ Kd7 11. e6+ Kc6 12. d5+ Kb6 13. Na4+ Ka5 14. Bd2+
Kxa4 15. a3 1-0

[Event "?"]
[Site "ICS rated blitz match, 192.23"]
[Date "1997.??.??"]
[Round "?"]
[White "Brause"]
[Black "Tyrisha"]
[Result "1-0"]
[WhiteElo "2660"]
[BlackElo "1955"]
[PlyCount "31"]

1. e4 e5 2. Nf3 Nc6 3. Nc3 Nf6 4. Nxe5 Nxe5 5. d4 Nc6 6. d5 Ne7 7. e5 Nfg8 8.
d6 cxd6 9. exd6 Ng6 10. Nb5 Bxd6 11. Qxd6 Qe7+ 12. Be3 Qxd6 13. Nxd6+ Ke7 14.
Bc5 Kf6 15. Bd4+ Ke6 16. Nb5 1-0

[Event "?"]
[Site "ICS rated blitz match, 192.23"]
[Date "1997.??.??"]
[Round "?"]
[White "Brause"]
[Black "Tyrisha"]
[Result "1-0"]
[WhiteElo "2660"]
[BlackElo "1950"]
[PlyCount "39"]

1. e4 e5 2. Nf3 Nc6 3. Nc3 Nf6 4. Nxe5 Nxe5 5. d4 Ng6 6. e5 Ng8 7. Bc4 Bb4 8.
Qf3 Bxc3+ 9. bxc3 Qe7 10. O-O Nh6 11. g3 O-O 12. Qh5 d6 13. Bxh6 gxh6 14. f4
Kh8 15. f5 dxe5 16. fxg6 fxg6 17. Rxf8+ Qxf8 18. Qxe5+ Qg7 19. Qe8+ Qg8 20.
Qxg8# 1-0

[Event "?"]
[Site "ICS rated blitz match, 192.23"]
[Date "1997.??.??"]
[Round "?"]
[White "Brause"]
[Black "Tyrisha"]
[Result "1-0"]
[WhiteElo "2665"]
[BlackElo "1950"]
[PlyCount "77"]

1. e4 e5 2. Nf3 Nc6 3. Nc3 Nf6 4. Nxe5 Nxe5 5. d4 Ng6 6. e5 Ng8 7. Bc4 Bb4 8.
Qf3 Bxc3+ 9. bxc3 Qe7 10. O-O Nh6 11. g3 O-O 12. Qh5 Kh8 13. Bxh6 gxh6 14. f4
f5 15. Bd3 d6 16. Qxh6 Bd7 17. Rfe1 dxe5 18. fxe5 Bc6 19. c4 Be4 20. Bxe4 fxe4
21. c5 c6 22. Rxe4 Rf5 23. Rb1 Raf8 24. Qd2 Qf7 25. Qd3 Rf2 26. e6 Qf5 27. g4
Qg5 28. Qe3 Qh4 29. Qg3 Qxg3+ 30. hxg3 Rxc2 31. a4 Rff2 32. e7 Rg2+ 33. Kf1
Rcf2+ 34. Ke1 Nxe7 35. Rxe7 Ra2 36. Re8+ Kg7 37. Rxb7+ Kg6 38. Re6+ Kg5 39.
Rg7# 1-0

[Event "?"]
[Site "ICS rated blitz match, 192.23"]
[Date "1997.??.??"]
[Round "?"]
[White "Brause"]
[Black "Tyrisha"]
[Result "1-0"]
[WhiteElo "2665"]
[BlackElo "1945"]
[PlyCount "41"]

1. e4 e5 2. Nf3 Nc6 3. Nc3 Nf6 4. Nxe5 Nxe5 5. d4 Ng6 6. e5 Ng8 7. Bc4 Bb4 8.
Qf3 Qe7 9. O-O Bxc3 10. bxc3 Nh6 11. g3 O-O 12. Qh5 d6 13. Bxh6 gxh6 14. f4
dxe5 15. f5 exd4 16. Qxh6 Bxf5 17. Rxf5 Rae8 18. Raf1 Qe3+ 19. Qxe3 Rxe3 20.
Bxf7+ Kg7 21. Bxg6 1-0

[Event "?"]
[Site "ICS rated blitz match, 192.23"]
[Date "1997.??.??"]
[Round "?"]
[White "Brause"]
[Black "Tyrisha"]
[Result "1-0"]
[WhiteElo "2665"]
[BlackElo "1945"]
[PlyCount "21"]

1. e4 e5 2. Nf3 Nc6 3. Nc3 Nf6 4. Nxe5 Nxe5 5. d4 Ng6 6. e5 Ng8 7. Bc4 Bb4 8.
Qf3 Bxc3+ 9. bxc3 Qe7 10. O-O b6 11. Qxa8 1-0

[Event "?"]
[Site "ICS rated blitz match, 192.23"]
[Date "1997.??.??"]
[Round "?"]
[White "Brause"]
[Black "Tyrisha"]
[Result "1-0"]
[WhiteElo "2665"]
[BlackElo "1945"]
[PlyCount "53"]

1. e4 e5 2. Nf3 Nc6 3. Nc3 Nf6 4. Nxe5 Nxe5 5. d4 Ng6 6. e5 Ng8 7. Bc4 Bb4 8.
Qf3 Qe7 9. O-O Bxc3 10. bxc3 Nh6 11. g3 d6 12. exd6 cxd6 13. Bxh6 gxh6 14. Rfe1
Be6 15. d5 O-O 16. dxe6 fxe6 17. Rxe6 Rxf3 18. Rxe7+ Kh8 19. Rxb7 Raf8 20. Rxa7
Ne5 21. Bd3 Rxf2 22. Rxh7+ Kg8 23. Rxh6 Kg7 24. Rh7+ Kg8 25. Re7 Ng4 26. Rf1
Rxf1+ 27. Bxf1 1-0

[Event "?"]
[Site "ICS rated blitz match, 192.23"]
[Date "1997.??.??"]
[Round "?"]
[White "Brause"]
[Black "Tyrisha"]
[Result "1-0"]
[WhiteElo "2665"]
[BlackElo "1945"]
[PlyCount "54"]

1. e4 e5 2. Nf3 Nc6 3. Nc3 Nf6 4. Nxe5 Nxe5 5. d4 Qe7 6. dxe5 Qxe5 7. f4 Qc5 8.
e5 Ng8 9. Qd5 Nh6 10. Bd2 Be7 11. Qxc5 Bxc5 12. Nd5 Bb6 13. Bc4 O-O 14. O-O-O
Kh8 15. Bb4 c5 16. Bc3 Bd8 17. Rhe1 b6 18. Bb5 a6 19. Be2 Bb7 20. Ne3 Rc8 21.
Rxd7 Bc6 22. Ra7 a5 23. Rd1 f6 24. e6 Bc7 25. g3 Rfe8 26. Ba6 Rxe6 27. Bxc8
Rxe3 1-0

[Event "?"]
[Site "ICS rated blitz match, 192.23"]
[Date "1997.??.??"]
[Round "?"]
[White "Brause"]
[Black "StanleyCup"]
[Result "1-0"]
[WhiteElo "2690"]
[BlackElo "2605"]
[PlyCount "99"]

1. e4 e5 2. Nf3 Nc6 3. Nc3 Nf6 4. Nxe5 Nxe5 5. d4 Nc6 6. d5 Ne5 7. f4 Ng6 8. e5
Ng8 9. d6 a6 10. h4 cxd6 11. exd6 Qf6 12. Qe2+ Qe6 13. h5 Bxd6 14. hxg6 Qxe2+
15. Bxe2 fxg6 16. Be3 Bb4 17. Bd4 Nf6 18. O-O-O O-O 19. Bc4+ Kh8 20. Ne4 Nh5
21. g3 d6 22. c3 Bf5 23. Ng5 Bc5 24. Nf7+ Rxf7 25. Bxf7 Nxg3 26. Rhe1 Bg4 27.
Bxc5 dxc5 28. Rd2 Nf5 29. Bd5 Nd6 30. Bg2 Nc4 31. Bxb7 Rb8 32. Rg2 Bh3 33. Rge2
Nd6 34. Bxa6 Bf5 35. Rd1 Ne4 36. Bd3 Nf6 37. Bxf5 gxf5 38. Re5 c4 39. Rxf5 Ra8
40. Rc5 h5 41. Kb1 Re8 42. Rxc4 Re2 43. a4 Kh7 44. a5 Ne4 45. Rc7 Nd2+ 46. Ka2
Ne4 47. Rg1 h4 48. Rgxg7+ Kh6 49. Rh7+ Kg6 50. Rxh4 1-0

[Event "?"]
[Site "ICS rated blitz match, 192.23"]
[Date "1997.??.??"]
[Round "?"]
[White "Brause"]
[Black "oldtimer"]
[Result "1-0"]
[WhiteElo "2590"]
[BlackElo "2520"]
[PlyCount "87"]

1. e4 e5 2. Nf3 Nc6 3. Nc3 Nf6 4. Nxe5 Nxe5 5. d4 Ng6 6. e5 Ng8 7. Bc4 d5 8.
Bxd5 c6 9. Bf3 Bb4 10. O-O Be6 11. Ne2 N8e7 12. c3 Ba5 13. Bg5 O-O 14. Be4 Qd7
15. Qd3 h6 16. Bxe7 Nxe7 17. Nf4 b5 18. Nxe6 fxe6 19. Rad1 Bb6 20. a3 a6 21.
Rfe1 Rad8 22. Qe2 Qe8 23. a4 c5 24. axb5 Qxb5 25. Qg4 cxd4 26. Qxe6+ Rf7 27.
Bd3 Qc6 28. Bc4 Qxe6 29. Bxe6 d3 30. Re4 Kf8 31. Rd2 Nc6 32. Bxf7 Kxf7 33. e6+
Ke7 34. Kf1 Rd5 35. f4 Nd8 36. g4 g6 37. c4 Rd6 38. f5 gxf5 39. gxf5 a5 40. f6+
Ke8 41. f7+ Nxf7 42. exf7+ Kxf7 43. Rf4+ Ke7 44. Rf3 1-0

[Event "?"]
[Site "ICS rated blitz match, 192.23"]
[Date "1997.??.??"]
[Round "?"]
[White "Brause"]
[Black "oldtimer"]
[Result "0-1"]
[WhiteElo "2615"]
[BlackElo "2495"]
[PlyCount "192"]

1. e4 e5 2. Nf3 Nc6 3. Nc3 Nf6 4. Nxe5 Nxe5 5. d4 Ng6 6. e5 Ng8 7. Bc4 d5 8.
Bxd5 c6 9. Bf3 Bb4 10. O-O Bxc3 11. bxc3 Be6 12. Be4 f5 13. exf6 Nxf6 14. Bxg6+
hxg6 15. Qe2 Kf7 16. Bf4 Re8 17. Be5 Qd5 18. Rfb1 b5 19. f3 Nd7 20. Bf4 Qc4 21.
Qd2 Bf5 22. Kf2 Qa4 23. g4 Be6 24. a3 Nb6 25. Kg1 Bc4 26. Rb4 Qa6 27. Be5 Nd5
28. Rbb1 Qa5 29. Re1 Qxc3 30. Qf2 Kg8 31. g5 Rf8 32. f4 Qh3 33. Qg3 Qh5 34.
Rac1 Rf7 35. Bd6 Nb6 36. Bb4 Bd5 37. Kf2 Nc4 38. Re2 a5 39. Bc5 Rd8 40. Rce1
Kh7 41. h3 Nd6 42. Re5 Nf5 43. Qg4 Qh4+ 44. Qxh4+ Nxh4 45. R1e2 Nf5 46. Bb6 Ra8
47. Bc5 a4 48. Rd2 Rd7 49. Rde2 Kg8 50. Kg1 Kf7 51. Rf2 Re8 52. Kh2 Rxe5 53.
fxe5 Ke6 54. Rf4 Rf7 55. Kg1 Ne3 56. Rxf7 Kxf7 57. c3 Nd1 58. Bb4 Ke6 59. Kf1
Ne3+ 60. Kf2 Nf5 61. Bc5 Be4 62. Bf8 Kf7 63. Bb4 Bc2 64. Bc5 Be4 65. Bb4 Ne7
66. Kg3 Nd5 67. Ba5 Ke6 68. Kg4 Bc2 69. h4 Bd1+ 70. Kg3 Kf5 71. Kf2 Kf4 72. Ke1
Bg4 73. Kd2 Bf5 74. Bd8 Kg4 75. Ba5 Kxh4 76. Bd8 Kg4 77. Ba5 Kxg5 78. Bd8+ Kf4
79. Bh4 g5 80. Be1 Kf3 81. c4 bxc4 82. Kd1 c3 83. e6 Bxe6 84. Kc1 Bf5 85. Kd1
Bd3 86. Kc1 Ke2 87. Bxc3 Nxc3 88. Kb2 Nd5 89. Ka2 Kd2 90. Kb2 g4 91. Ka1 Kc3
92. Ka2 Bc4+ 93. Kb1 g3 94. Kc1 Bb3 95. Kb1 g2 96. Ka1 g1=R# 0-1

[Event "?"]
[Site "ICS rated blitz match, 192.23"]
[Date "1997.??.??"]
[Round "?"]
[White "Brause"]
[Black "oldtimer"]
[Result "0-1"]
[WhiteElo "2625"]
[BlackElo "2515"]
[PlyCount "210"]

1. e4 e5 2. Nf3 Nc6 3. Nc3 Nf6 4. Nxe5 Nxe5 5. d4 Ng6 6. e5 Ng8 7. Bc4 d5 8.
Bxd5 c6 9. Bf3 Bb4 10. O-O Bxc3 11. bxc3 Be6 12. Be4 f5 13. exf6 Nxf6 14. Bxg6+
hxg6 15. Qd3 Kf7 16. Bf4 Qd5 17. Rfb1 b5 18. a4 a6 19. Re1 Qf5 20. Qe2 Rhe8 21.
Be5 Bc4 22. Qd2 Nd7 23. f4 Nb6 24. a5 Nd5 25. h3 Kg8 26. g4 Qf7 27. Re4 Qe7 28.
Qe1 Qd7 29. Qg3 Rf8 30. Kg2 Ne7 31. Kh2 Nd5 32. Kh1 Rf7 33. Kg2 Re8 34. Kg1
Ref8 35. Rae1 Qd8 36. Ra1 Nf6 37. Re3 Nd7 38. Bd6 Re8 39. Rxe8+ Qxe8 40. Re1
Qd8 41. Ra1 Nf6 42. Be5 Qd5 43. Re1 Rf8 44. Qe3 Re8 45. Qc1 Nd7 46. Qe3 Nxe5
47. fxe5 Qe6 48. Rd1 Rf8 49. Re1 Bd5 50. Qd2 Qf7 51. Rc1 Qf3 52. Kh2 g5 53. Re1
Qf2+ 54. Qxf2 Rxf2+ 55. Kg1 Rxc2 56. e6 Kf8 57. e7+ Ke8 58. Re3 Ra2 59. Re5
Rxa5 60. Rxg5 Kxe7 61. Rxg7+ Kf6 62. Rh7 Kg6 63. Ra7 Ra2 64. Ra8 Kg5 65. Re8
Kf4 66. Rf8+ Kg3 67. Kf1 Bf3 68. Re8 Ra1+ 69. Re1 Bg2+ 70. Ke2 Rxe1+ 71. Kxe1
Bxh3 72. g5 Bf5 73. c4 Kf4 74. d5 c5 75. g6 Bxg6 76. Kd2 b4 77. Kc1 Ke3 78. d6
Be8 79. Kc2 a5 80. Kb2 a4 81. Kc2 Ke2 82. Kb2 Kd2 83. d7 Bxd7 84. Kb1 Bf5+ 85.
Kb2 Bd3 86. Ka1 Bxc4 87. Kb2 Bb3 88. Kb1 Bd1 89. Ka1 Kc1 90. Ka2 c4 91. Ka1 c3
92. Ka2 Kc2 93. Ka1 Kb3 94. Kb1 Be2 95. Kc1 Kc4 96. Kb1 b3 97. Ka1 Kb4 98. Kb1
a3 99. Kc1 Kc4 100. Kb1 Kd3 101. Ka1 Bf3 102. Kb1 Kd2 103. Ka1 Bd5 104. Kb1 a2+
105. Ka1 b2# 0-1